000 00425nam a2200181Ia 4500
001 19503
005 20260306172658.0
008 260306t2013||||xx |||||||||||||| ||spa||
041 _aESP
082 _a341
_bB66
100 _aBobbio, Norberto
_eAUT
245 0 _aTeoría general del derecho
260 _c2013
300 _axvii, 300 páginas :
_c22 cm.
650 _aGEN
654 _aCDE
942 _cLIB
_dJUS
_fJUS
_2ddc
_n
999 _c19503
_d19503